United States 'G' and 'H' Geography Quiz Stats

 Plays Quiz Updated Aug 30, 2018

Score 0/18 Timer 05:00
2 Plays Today
Hint Answer % Correct
The largest city in Texas and the fourth in the United StatesHouston
95.3%
Composed of eight main islands, one of the two non-contiguous statesHawaii
94.8%
State capital of the only island stateHonolulu
94.1%
Neighborhood of Los Angeles famous for its cinematography industryHollywood
93.1%
The river that flanks New York CityHudson River
92.5%
The second-largest of the Great LakesLake Huron
91.3%
The last of the 13 original coloniesGeorgia
90.7%
Wisconsin city that is home to the NFL's PackersGreen Bay
89.9%
Body of water bordered by TX, LA, MS, AL, and FLGulf of Mexico
89.8%
Hint Answer % Correct
State capital of MontanaHelena
85.5%
State capital of ConnecticutHartford
84.7%
State capital of PennsylvaniaHarrisburg
83.6%
National Park in northern Arizona that was carved by the Colorado RiverGrand Canyon National Park
82%
Iconic brick-colored landmark of San FranciscoGolden Gate Bridge
79.4%
Island territory, whose capital is Hagåtña, that the US acquired in 1898Guam
74.1%
St. Louis' world-famous stainless steel monumentGateway Arch
60.6%
Montana National Park which is 1 million acres of pristine wilderness Glacier National Park
42.2%
National Park in Tennessee and North Carolina that is the most visited in the United StatesGreat Smoky Mountains National Park
41.2%

You're not logged in!

Compare scores with friends on all Sporcle quizzes.
OR
Log In

Sporcle TV

Today on Sporcle TV


Watch our educational content, quiz creation guides, and fun videos on Sporcle TV.

Show Comments

Extras

Top Quizzes Today


Score Distribution

Your Account Isn't Verified!

In order to create a playlist on Sporcle, you need to verify the email address you used during registration. Go to your Sporcle Settings to finish the process.

Report this User

Report this user for behavior that violates our Community Guidelines.

Details: